| 000 | 00643nam a2200217 a 4500 | ||
|---|---|---|---|
| 008 | |||
| 020 | _a1853395390(pbk.) | ||
| 049 | _aMAIN | ||
| 090 |
_aRA643.86.D44 _bDEJ |
||
| 100 | 1 | _aDeJong, Jocelyn | |
| 245 | 1 | 0 |
_aMaking an impact in HIV and AIDS : _bNGO experiences of scaling up / _cJocelyn DeJong. |
| 260 |
_aLondon : _bITDG Publishing, _c2003. |
||
| 300 |
_axiii,176 p. : _bill. ; _c24 cm. |
||
| 500 | _aIncludes Index. | ||
| 650 | 1 | _aHIV and AIDS. | |
| 907 |
_a.b10270504 _b29-04-10 _c26-10-09 |
||
| 003 | |||
| 005 | 20230120204022.0 | ||
| 040 | _cNUST | ||
| 942 |
_cBOOKS _kRA643.86.D44 _mDEJ |
||
| 999 |
_c115681 _d115681 |
||